Hazardous industrial waste treatment / (Record no. 332139)

000 -LEADER
fixed length control field 01371cam a22003374a 4500
001 - CONTROL NUMBER
control field 14347553
003 - CONTROL NUMBER IDENTIFIER
control field NUST
005 - DATE AND TIME OF LATEST TRANSACTION
control field 20171115101442.0
008 - FIXED-LENGTH DATA ELEMENTS--GENERAL INFORMATION
fixed length control field 060420s2007 flua b 001 0 eng
010 ## - LIBRARY OF CONGRESS CONTROL NUMBER
LC control number 2006040585
015 ## - NATIONAL BIBLIOGRAPHY NUMBER
National bibliography number GBA674991
Source bnb
016 7# - NATIONAL BIBLIOGRAPHIC AGENCY CONTROL NUMBER
Record control number 013542118
Source Uk
020 ## - INTERNATIONAL STANDARD BOOK NUMBER
International Standard Book Number 0849375746 (alk. paper)
020 ## - INTERNATIONAL STANDARD BOOK NUMBER
International Standard Book Number 9780849375743 (alk. paper)
035 ## - SYSTEM CONTROL NUMBER
System control number (OCoLC)ocm68192564
035 ## - SYSTEM CONTROL NUMBER
System control number (OCoLC)68192564
040 ## - CATALOGING SOURCE
Original cataloging agency DLC
Transcribing agency DLC
Modifying agency BAKER
-- UKM
-- C#P
-- DLC
042 ## - AUTHENTICATION CODE
Authentication code pcc
050 00 - LIBRARY OF CONGRESS CALL NUMBER
Classification number TD1060
Item number .H36 2007
082 00 - DEWEY DECIMAL CLASSIFICATION NUMBER
Classification number 628.42 WAN
Edition number 22
245 00 - TITLE STATEMENT
Title Hazardous industrial waste treatment /
Statement of responsibility, etc. Edited by Lawrence K. Wang ... [et al.].
260 ## - PUBLICATION, DISTRIBUTION, ETC.
Place of publication, distribution, etc. Boca Raton, FL :
Name of publisher, distributor, etc. CRC/Taylor & Francis,
Date of publication, distribution, etc. c2007.
300 ## - PHYSICAL DESCRIPTION
Extent ix, 516 p. :
Other physical details ill. ;
Dimensions 26 cm.
500 ## - GENERAL NOTE
General note H.B
504 ## - BIBLIOGRAPHY, ETC. NOTE
Bibliography, etc. note Includes bibliographical references and index.
650 #0 - SUBJECT ADDED ENTRY--TOPICAL TERM
Topical term or geographic name entry element Hazardous wastes
General subdivision Management.
9 (RLIN) 6365
650 #0 - SUBJECT ADDED ENTRY--TOPICAL TERM
Topical term or geographic name entry element Hazardous waste site remediation.
9 (RLIN) 6370
650 #0 - SUBJECT ADDED ENTRY--TOPICAL TERM
Topical term or geographic name entry element Factory and trade waste.
9 (RLIN) 6371
700 1# - ADDED ENTRY--PERSONAL NAME
Personal name Wang, Lawrence K.
9 (RLIN) 6167
856 42 - ELECTRONIC LOCATION AND ACCESS
Materials specified Publisher description
Uniform Resource Identifier <a href="http://www.loc.gov/catdir/enhancements/fy0654/2006040585-d.html">http://www.loc.gov/catdir/enhancements/fy0654/2006040585-d.html</a>
906 ## - LOCAL DATA ELEMENT F, LDF (RLIN)
a 7
b cbc
c orignew
d 1
e ocip
f 20
g y-gencatlg
942 ## - ADDED ENTRY ELEMENTS (KOHA)
Source of classification or shelving scheme
Koha item type Book
Call number prefix IESE
Holdings
Withdrawn status Lost status Source of classification or shelving scheme Damaged status Not for loan Collection code Permanent Location Current Location Shelving location Date acquired Total Checkouts Full call number Barcode Date last seen Price effective from Koha item type
            Institute of Environmental Science and Engineering (IESE) Institute of Environmental Science and Engineering (IESE) General Stacks 11/15/2017   628.42 WAN IESE-1251 11/15/2017 11/15/2017 Book
© 2023 Central Library, National University of Sciences and Technology. All Rights Reserved.